00520nam a2200181 a 4500001001300000003000900013005001700022008004100039020002100080082001500101100002100116245007400137260002400211300000900235500003500244505003800279700002100317nice12345678IN_TiNIC20260116012754.0050524s1981 gena grp 000 0 eng  a2825406783 c000a305.4bHER aHerzel, Susannah aVoice for Womenb Women`s Department of the World Council of Churches aGeneva bWCC c1981 a197p aincludes index and biblioraphy2 aAppendices, Selected Bibliography1 aHerzel, Susannah